000 00810nam a2200205Ia 4500
003 OSt
005 20210514103406.0
008 210310s2012 bo abd gr 000 0 spa d
040 _aCO-JMCR
_cCO-JMCR
041 1 _aspa
_heng
082 0 4 _a330.984 /
_bM352b
_223
110 2 _aBolivia :
_bMinisterio de Economía y Finanzas Publicas
_937626
245 1 0 _aBolivia :
_bresultados de un nuevo modelo económico /
_cMinisterio de Economía y Finanzas Públicas
260 _aBolivia :
_bMinisterio de Economía y Finanzas Públicas,
_c2012.
300 _a27, 27 páginas :
_bilustraciones, gráficos, mapa y fotografías a color ;
_c21x21 cm.
546 _aTextos en español e Inglés.
650 1 4 _aModelo económico
_zBolivia
_937627
650 2 4 _aFundamentos económicos
_zBolivia
_937628
942 _2ddc
_cBK
999 _c11727
_d11727